Faktorová analýza a příbuzné metody v psychologii
Salvato in:
| Autore principale: | |
|---|---|
| Altri autori: | |
| Natura: | Libro |
| Lingua: | ceco |
| Pubblicazione: |
Praha
Academia
1991
|
| Edizione: | 1. vyd. |
| Accesso online: | Visualizza in OPAC |
| Tags: |
Nessun Tag, puoi essere il primo ad aggiungerne!!
|
MARC
| LEADER | 00000nam a2200000 a 4500 | ||
|---|---|---|---|
| 005 | 20260127134221.0 | ||
| 008 | 131003s1991 CS 0 cze c | ||
| 020 | |a 802000081X | ||
| 035 | |a vtls001129802 | ||
| 035 | |a SNK000072652 | ||
| 039 | 9 | |a 201310031121 |b VLOAD |c 201308301451 |d vsvkbb08 |c 201306201737 |d VLOAD |c 201008021518 |d msnk15 |y 200511162126 |z msnk01 | |
| 040 | |a SNK |b slo |c SNK |d STUSCHK1 |e AACR2 | ||
| 041 | 0 | |a cze | |
| 044 | |a [CS] | ||
| 080 | |a 519.237.7:159.9(075.8) |2 1981 | ||
| 080 | |a 159.9(075.8) |2 1981 | ||
| 100 | 1 | |a McDonald, Roderick P. | |
| 245 | 1 | 0 | |a Faktorová analýza a příbuzné metody v psychologii |c Roderick P. Mac Donald ; přel. Petr Blahuš |
| 250 | |a 1. vyd. | ||
| 260 | |a Praha |b Academia |c 1991 | ||
| 300 | |a 252, [1] s. |c 24 cm | ||
| 700 | 1 | |a Blahuš, Petr, |d 1944- |4 trl |9 749 | |
| 910 | |a SCHK95 | ||
| 919 | |a 80-200-0081-X | ||
| 954 | |a psychológia |a analýza faktorová |x využitie |x učebnice vysokoškolské |x príručky | ||
| 968 | |d Z angl. orig. |e ... | ||
| 999 | |c 6954 |d 6954 | ||
| 942 | 0 | 0 | |0 1 |